|
|
|
|
| LEADER |
01044nam a2200253 4500 |
| 001 |
c000119011 |
| 003 |
CARM |
| 005 |
00000000000000.0 |
| 008 |
730502s1973 maua b 00110 eng |
| 019 |
1 |
|
|a 592504
|z 23868703
|5 LACONCORD2021
|
| 035 |
|
|
|a (OCoLC)627960
|5 LACONCORD2021
|
| 050 |
0 |
0 |
|a LB1575.8
|b .P47
|
| 100 |
1 |
|
|a Petty, Walter T.
|q (Walter Thomas),
|d 1918-
|
| 245 |
1 |
0 |
|a Experiences in language;
|b tools and techniques for language arts methods
|c [by] Walter T. Petty, Dorothy C. Petty [and] Marjorie F. Becking.
|
| 260 |
|
|
|a Boston,
|b Allyn and Bacon
|c [1973]
|
| 300 |
|
|
|a xiv, 529 p.
|b illus.
|c 26 cm.
|
| 504 |
|
|
|a Includes bibliographies.
|
| 650 |
|
0 |
|a Language arts (Primary)
|
| 700 |
1 |
|
|a Petty, Dorothy C.
|e joint author.
|
| 700 |
1 |
|
|a Becking, Marjorie F.
|e joint author.
|
| 852 |
8 |
|
|b CARM
|h A2:AM35C0
|i D03826
|p 0178676
|f BK
|
| 082 |
0 |
4 |
|a 372.6/044
|
| 999 |
f |
f |
|i 263853c7-8b73-51f5-a501-310039ea46cf
|s e27a1aeb-52dc-5fa0-9c88-5455f93fbc9d
|
| 952 |
f |
f |
|p Can circulate
|a CAVAL
|b CAVAL
|c CAVAL
|d CARM 1 Store
|e D03826
|f A2:AM35C0
|h Other scheme
|i book
|m 0178676
|